000 00449nam a2200181Ia 4500
001 14336
005 20260306164906.0
008 260306t1991||||xx |||||||||||||| ||spa||
041 _aESP
082 _a512.1
_bF56
100 _aFleming, Walter
_eAUT
245 0 _aAlgebra y trigonometría con geometría analítica
260 _c1991
300 _axiii, 777 páginas :
_c23 cm.
650 _aGEN
654 _aCMA
942 _cLIB
_dJUS
_fJUS
_2ddc
_n
999 _c14336
_d14336